White lies about the Inuit /

Bibliographic Details
Main Author: Steckley, John, 1949-
Format: Book
Language:English
Inuktitut
Published: Peterborough, Ont. : Broadview Press, [2008]
Subjects:

MARC

Tag First Indicator Second Indicator Subfields
LEADER 00000pam a2200000 a 4500
001 in00002371421
005 20151109041057.0
008 071003s2008 onc b 001 0deng
020 |a 9781551118758 (pbk.) 
020 |a 1551118750 (pbk.) 
035 |a (OCoLC)ocn175282656 
040 |a NLC  |b eng  |c NLC  |d C#P  |d UtOrBLW 
041 0 |a eng  |a iku 
043 |a n-cn--- 
049 |a TXAM 
055 0 2 |a E99* 
055 0 |a E99 E7  |b E797 2007 
055 0 0 |a E99 E7  |b S797 2008 
082 0 |a 971.004/9712  |2 22 
090 |a E99.E7  |b S82 2008 
100 1 |a Steckley, John,  |d 1949- 
245 1 0 |a White lies about the Inuit /  |c John L. Steckley. 
264 1 |a Peterborough, Ont. :  |b Broadview Press,  |c [2008] 
264 4 |c ©2008 
300 |a 168 pages ;  |c 23 cm. 
336 |a text  |b txt  |2 rdacontent 
337 |a unmediated  |b n  |2 rdamedia 
338 |a volume  |b nc  |2 rdacarrier 
500 |a Includes some text in Inuktitut. 
504 |a Includes bibliographical references (pages 147-158) and index. 
650 0 |a Inuit  |z Canada  |x History  |x Errors, inventions, etc.  |v Textbooks. 
650 0 |a Inuit in popular culture. 
650 0 |a Common fallacies. 
650 0 |a Stereotypes (Social psychology) 
945 |a PromptCat 
946 |a stk 
947 |a A14836852408 
948 |a cataloged  |b h  |c 2008/3/27  |d c  |e dmitchel  |f 10:44:16 am 
994 |a 92  |b TXA 
999 |a MARS 
999 f f |s e9b0a7dc-8c61-3722-8232-e538347b56df  |i 24742e21-119f-3dbd-b709-8accd0c32285  |t 0 
952 f f |p normal  |a Texas A&M University  |b College Station  |c Sterling C. Evans Library  |d Evans: Library Stacks  |t 0  |e E99.E7 S82 2008  |h Library of Congress classification  |i unmediated -- volume  |m A14836852408 
998 f f |a E99.E7 S82 2008  |t 0  |l Evans: Library Stacks